[Event "Titled Tue 17th Jun Early"]
[Site "chess.com INT"]
[Date "2025.06.17"]
[Round "2"]
[White "Boramanikar, Tanisha S"]
[Black "Brezis, Ari"]
[Result "0-1"]
[WhiteTitle "WCM"]
[BlackTitle "CM"]
[WhiteElo "1743"]
[BlackElo "2179"]
[WhiteFideId "35023454"]
[BlackFideId "2858541"]
[EventDate "2025.06.17"]

1. e4 e6 2. d3 d5 3. Nd2 Nf6 4. Ngf3 Be7 5. g3 O-O 6. Bg2 c5 7. O-O Nc6 8. Re1
b5 9. e5 Nd7 10. Nf1 c4 11. d4 b4 12. h4 Ba6 13. N1h2 c3 14. b3 Bb5 15. Ng4 a5
16. h5 a4 17. Bf4 axb3 18. cxb3 Qb6 19. h6 g6 20. Be3 Ra5 21. Qc2 Rfa8 22. Red1
Qa6 23. Bg5 Rxa2 24. Rxa2 Qxa2 25. Qc1 Qb2 26. Bxe7 Qxc1 27. Rxc1 Nxe7 28. Ng5
Ra3 29. Nf6+ Nxf6 30. exf6 Nc6 31. Re1 Nxd4 32. Bxd5 exd5 33. Re7 c2 34. Rc7
c1=Q+ 35. Rxc1 Ne2+ 0-1

[Event "Titled Tue 17th Jun Early"]
[Site "chess.com INT"]
[Date "2025.06.17"]
[Round "2"]
[White "Aranda, Juan Manuel"]
[Black "Savitha, Shri B"]
[Result "0-1"]
[WhiteTitle "CM"]
[BlackTitle "IM"]
[WhiteElo "2134"]
[BlackElo "2293"]
[WhiteFideId "160458"]
[BlackFideId "35061887"]
[EventDate "2025.06.17"]

1. Nf3 c5 2. g3 d5 3. Bg2 Nc6 4. d4 cxd4 5. Nxd4 e5 6. Nxc6 bxc6 7. c4 Nf6 8.
Qa4 Bd7 9. O-O Qb6 10. Nc3 Bb4 11. Bg5 Ng4 12. h3 h6 13. hxg4 hxg5 14. cxd5 cxd5
15. Qb3 Qh6 16. Rfd1 Bxc3 17. Qxc3 Qh2+ 18. Kf1 O-O 19. Rxd5 Bxg4 20. Bf3 e4 21.
Bxe4 Rad8 0-1

[Event "Titled Tue 17th Jun Early"]
[Site "chess.com INT"]
[Date "2025.06.17"]
[Round "2"]
[White "Adewumi, Tanitoluwa"]
[Black "Baturin-Vinogradov, Miroslav"]
[Result "1-0"]
[WhiteTitle "FM"]
[BlackTitle "CM"]
[WhiteElo "2362"]
[BlackElo "2046"]
[WhiteFideId "30966396"]
[BlackFideId "55745741"]
[EventDate "2025.06.17"]

1. Nf3 d5 2. b3 Nf6 3. Bb2 e6 4. e3 c5 5. Be2 Be7 6. O-O O-O 7. d4 cxd4 8. exd4
Nc6 9. Nbd2 b6 10. a3 Bb7 11. Bd3 Qc7 12. Re1 Bd6 13. Ne5 Bxe5 14. dxe5 Nd7 15.
Qh5 g6 16. Qh6 Ncxe5 17. f4 f6 18. fxe5 Nxe5 19. Qf4 Qc5+ 20. Bd4 Nxd3 21. cxd3
Qe7 22. Qh4 Rae8 23. b4 Ba6 24. Qg3 e5 25. Be3 Bxd3 26. Bh6 Ba6 27. Bxf8 Rxf8
28. Rac1 Bb7 29. Qc3 Rd8 30. Nf3 Rd7 31. Qb3 Kg7 32. Nd4 Ba6 33. Qh3 Qd6 34. Rc6
Qe7 35. Ne6+ Kg8 36. Nf4 Bb7 37. Rxf6 Qxf6 38. Qxd7 Qxf4 39. Qxb7 Qd2 40. Qb8+
Kf7 41. Qxe5 1-0

[Event "Titled Tue 17th Jun Early"]
[Site "chess.com INT"]
[Date "2025.06.17"]
[Round "2"]
[White "Aradhya, Garg"]
[Black "Garrido, Denis"]
[Result "1/2-1/2"]
[WhiteTitle "IM"]
[BlackTitle "FM"]
[WhiteElo "2370"]
[BlackElo "2230"]
[WhiteFideId "25006746"]
[BlackFideId "601217"]
[EventDate "2025.06.17"]

1. d4 Nf6 2. c4 g6 3. g3 Bg7 4. Bg2 O-O 5. Nc3 d6 6. Nf3 Nc6 7. d5 Nb8 8. O-O a5
9. e4 e5 10. dxe6 Bxe6 11. e5 dxe5 12. Nxe5 c6 13. Be3 Qe7 14. Re1 Rd8 15. Qb3
Qb4 16. Bb6 Re8 17. Bd4 Nbd7 18. Nxd7 Nxd7 19. Bxg7 Kxg7 20. Qxb4 axb4 21. Ne4
Bxc4 22. Nd6 Rxe1+ 23. Rxe1 Be6 24. a3 bxa3 25. bxa3 Rxa3 26. Nxb7 c5 27. Bf1 h5
28. Rc1 Ra7 29. Nxc5 Nxc5 30. Rxc5 Ra1 31. Kg2 Kf6 32. Be2 Re1 33. Bf3 Re5 34.
Rc7 Bd5 35. Bxd5 Rxd5 36. h4 Ke6 37. Kf3 Rd4 38. Ke3 Ra4 39. Rb7 Kf6 40. Rb6+
Ke5 41. f3 Ra3+ 42. Kf2 Ra2+ 43. Kg1 Kf5 44. Rb5+ Ke6 45. Rb6+ Ke5 46. Rb7 Ke6
47. Rb4 Rc2 48. Re4+ Kf6 49. Kf1 Ra2 50. Re2 Ra1+ 51. Kf2 Ra3 52. Rb2 Rc3 53.
Re2 Ra3 54. Re3 Ra2+ 55. Re2 Ra3 1/2-1/2

[Event "Titled Tue 17th Jun Early"]
[Site "chess.com INT"]
[Date "2025.06.17"]
[Round "2"]
[White "Jakubowski, Krzysztof"]
[Black "Lopez Abreu, Michel Samuel"]
[Result "1-0"]
[WhiteTitle "GM"]
[BlackTitle "FM"]
[WhiteElo "2448"]
[BlackElo "2038"]
[WhiteFideId "1112848"]
[BlackFideId "3927903"]
[EventDate "2025.06.17"]

1. e4 e6 2. d4 d5 3. Nc3 dxe4 4. Nxe4 Nd7 5. Nf3 Ngf6 6. Nxf6+ Nxf6 7. Bc4 Be7
8. O-O O-O 9. Qe2 b6 10. Rd1 Bb7 11. Ne5 Nd7 12. Rd3 Bf6 13. Nxf7 Rxf7 14. Qxe6
Qe8 15. Bf4 Qxe6 16. Bxe6 Nf8 17. Bb3 c6 18. Re1 Ng6 19. Bg3 Ne7 20. Bxf7+ Kxf7
21. c3 Ba6 22. Rf3 c5 23. Be5 Bb7 24. Rh3 h6 25. dxc5 bxc5 26. Rd3 Bxe5 27. Rxe5
Bc6 28. Rxc5 Be8 29. Rf3+ Kg8 30. Re3 Nc6 31. f3 Bd7 32. Rd3 Be8 33. Rd6 Ne7 34.
Rc7 Nf5 35. Ra6 Ne3 36. Raxa7 Rxa7 37. Rxa7 Nd1 38. Rb7 Bf7 39. a4 Bc4 40. Rb4
Ba6 41. a5 Ne3 42. Rb6 1-0

[Event "Titled Tue 17th Jun Early"]
[Site "chess.com INT"]
[Date "2025.06.17"]
[Round "2"]
[White "Uzuner, Tufan Can"]
[Black "Kornev, Alexei"]
[Result "0-1"]
[WhiteTitle "CM"]
[BlackTitle "GM"]
[WhiteElo "1909"]
[BlackElo "2500"]
[WhiteFideId "6300499"]
[BlackFideId "4120949"]
[EventDate "2025.06.17"]

1. d4 Nf6 2. Nf3 d5 3. e3 e6 4. Bd3 b6 5. Nbd2 Bb7 6. Ne5 Nbd7 7. f4 Bd6 8. Qf3
O-O 9. g4 c5 10. c3 Rc8 11. g5 Ne4 12. Nxe4 dxe4 13. Bxe4 Bxe4 14. Qxe4 f6 15.
Nxd7 Qxd7 16. gxf6 Rxf6 17. Bd2 Qa4 18. O-O Qb5 19. Rab1 cxd4 20. exd4 Qh5 21.
Rf2 Rcf8 22. Rbf1 Kh8 23. Be3 h6 24. Rg2 Qd5 25. Qxd5 exd5 26. Rgf2 Re8 27. Bd2
g6 28. Kg2 Kg7 29. h4 h5 30. Kg3 Re4 31. Rf3 Kf7 32. R1f2 Ke6 33. Rf1 b5 34.
R1f2 a6 35. Rf1 Kf5 36. Re1 Rxe1 37. Bxe1 Re6 38. Bd2 Re2 39. Rf2 Rxd2 40. Rxd2
Bxf4+ 0-1

[Event "Titled Tue 17th Jun Early"]
[Site "chess.com INT"]
[Date "2025.06.17"]
[Round "2"]
[White "Shandrygin, Nikita"]
[Black "Demchenko, Svitlana"]
[Result "1-0"]
[WhiteTitle "FM"]
[BlackTitle "WIM"]
[WhiteElo "2209"]
[BlackElo "2135"]
[WhiteFideId "24198668"]
[BlackFideId "14149893"]
[EventDate "2025.06.17"]

1. e4 d5 2. exd5 Nf6 3. Nf3 Nxd5 4. d4 Bg4 5. Be2 e6 6. h3 Bh5 7. O-O Be7 8. c4
Nf6 9. Be3 O-O 10. Qb3 Nbd7 11. Nc3 Qc8 12. Rac1 c6 13. Rfd1 Rd8 14. a3 Qc7 15.
Qa2 Rac8 16. b4 e5 17. d5 e4 18. Nd4 Bxe2 19. Ncxe2 Ne5 20. Bf4 cxd5 21. cxd5
Qb8 22. Rxc8 Rxc8 23. Nf5 Bd6 24. Bxe5 Bxe5 25. Ne7+ Kf8 26. Nxc8 Qxc8 27. Rc1
Qd7 28. Qc4 Qxd5 29. Qxd5 Nxd5 30. Rc5 Nf4 31. Nxf4 Bxf4 32. Rc8+ Ke7 33. Ra8
Kd7 34. Rxa7 Kc6 35. Ra8 e3 36. fxe3 Bxe3+ 37. Kf1 Kb5 38. Ke2 Bc1 39. Kd3 f5
40. Kc2 Be3 41. Kb3 g5 42. a4+ Kb6 43. Rh8 f4 44. Rxh7 Kc6 45. Kc4 b6 46. Rh6+
Kc7 47. Rg6 Kd7 48. Kb5 Kc7 49. Rxg5 f3 50. Rg7+ Kd6 51. gxf3 1-0

[Event "Titled Tue 17th Jun Early"]
[Site "chess.com INT"]
[Date "2025.06.17"]
[Round "2"]
[White "Hernandez Jimenez, Alexander Andres"]
[Black "Xalmatov, Yakubjon"]
[Result "0-1"]
[WhiteTitle "FM"]
[BlackTitle "CM"]
[WhiteElo "2069"]
[BlackElo "2096"]
[WhiteFideId "3900452"]
[BlackFideId "14201615"]
[EventDate "2025.06.17"]

1. e4 e5 2. Nf3 Nc6 3. Bc4 Bc5 4. d3 Nf6 5. c3 d6 6. a4 a6 7. Na3 O-O 8. Nc2 h6
9. Be3 Ba7 10. O-O d5 11. exd5 Nxd5 12. Bxa7 Rxa7 13. Re1 Nf4 14. Ne3 Be6 15.
Bxe6 fxe6 16. d4 exd4 17. cxd4 Ra8 18. Rc1 Qf6 19. Qb3 Nxd4 20. Nxd4 Qxd4 21.
Qxb7 Rab8 22. Qxa6 Rxb2 23. Rcd1 Qf6 24. f3 Nxg2 25. Nxg2 Qxf3 26. Qf1 Qg4 27.
Qxf8+ Kxf8 28. Rd8+ Ke7 0-1

[Event "Titled Tue 17th Jun Early"]
[Site "chess.com INT"]
[Date "2025.06.17"]
[Round "2"]
[White "Krzywda, Andrzej"]
[Black "Corona Monraz, Ramiro"]
[Result "1-0"]
[WhiteTitle "CM"]
[WhiteElo "2175"]
[BlackElo "1969"]
[WhiteFideId "1114565"]
[BlackFideId "5107717"]
[EventDate "2025.06.17"]

1. d4 c6 2. c4 d6 3. Nc3 Nd7 4. e4 h6 5. Be3 g5 6. h4 gxh4 7. Nf3 Bg7 8. Nxh4
Nf8 9. Nf5 Bxf5 10. exf5 Qa5 11. Qf3 Nf6 12. O-O-O N8d7 13. Kb1 O-O-O 14. g4 Kb8
15. Bg2 e6 16. Nb5 Nb6 17. Nxd6 Rxd6 18. c5 Rd5 19. cxb6 Qxb6 20. fxe6 fxe6 21.
g5 Rb5 22. Rd2 Nd5 23. gxh6 Bf8 24. Qg3+ Ka8 25. Bxd5 cxd5 26. Qe5 Rh7 27. Rg1
a6 28. Rg8 Qd8 29. Rc2 Rf7 30. Qxe6 Rf3 31. Rc8+ 1-0

[Event "Titled Tue 17th Jun Early"]
[Site "chess.com INT"]
[Date "2025.06.17"]
[Round "2"]
[White "Akobian, Varuzhan"]
[Black "Andreev, Konstantin"]
[Result "1-0"]
[WhiteTitle "GM"]
[BlackTitle "FM"]
[WhiteElo "2551"]
[BlackElo "2208"]
[WhiteFideId "13300580"]
[BlackFideId "24239305"]
[EventDate "2025.06.17"]

1. d4 Nf6 2. c4 e6 3. Nf3 d5 4. cxd5 exd5 5. Nc3 Be7 6. Bg5 c6 7. Qc2 O-O 8. e3
h6 9. Bh4 Re8 10. Bd3 Ne4 11. Bxe7 Qxe7 12. O-O Nd7 13. Rab1 a5 14. a3 Ndf6 15.
Bxe4 Nxe4 16. Nxe4 dxe4 17. Ne5 f6 18. Nc4 Be6 19. b4 axb4 20. axb4 Bd5 21. Nb6
Ra2 22. Rb2 Rxb2 23. Qxb2 Qc7 24. Nxd5 cxd5 25. Rc1 Qb6 26. Rc5 Ra8 27. h3 Ra4
28. Qb3 Ra1+ 29. Kh2 Qe6 30. Qxd5 Qxd5 31. Rxd5 Ra7 32. g4 b6 33. Rd6 Rb7 34. b5
Kf7 35. h4 g5 36. h5 Ke7 37. Rc6 Kf7 38. Kg3 Ke7 39. f3 exf3 40. Kxf3 Kf7 41.
Ke4 Re7+ 42. Kd3 Rb7 43. d5 Ke7 44. Ke4 Kf7 45. Kf5 Rd7 46. e4 1-0

[Event "Titled Tue 17th Jun Early"]
[Site "chess.com INT"]
[Date "2025.06.17"]
[Round "2"]
[White "Sethuraman, Roshan"]
[Black "Essing, Arnold"]
[Result "1-0"]
[BlackTitle "FM"]
[WhiteElo "2074"]
[BlackElo "2197"]
[WhiteFideId "30965250"]
[BlackFideId "4619862"]
[EventDate "2025.06.17"]

1. e4 Nf6 2. e5 Nd5 3. d4 d6 4. Nf3 g6 5. Bc4 Nb6 6. Bb3 Bg7 7. O-O O-O 8. Re1
Bg4 9. exd6 cxd6 10. c3 Nc6 11. h3 Bxf3 12. Qxf3 e5 13. dxe5 dxe5 14. Be3 Qe7
15. Nd2 h6 16. Ne4 Nd7 17. Rad1 Rad8 18. Nd6 Nd4 19. cxd4 Qxd6 20. dxe5 Nxe5 21.
Qxb7 Qf6 22. Qxa7 Nd3 23. Rf1 Nxb2 24. Rxd8 Rxd8 25. Qc7 Nd3 26. Bxf7+ Kh7 27.
Bb3 Re8 28. Qc4 Ne5 29. Qc2 Nf3+ 30. gxf3 Qxf3 31. Qc4 Qxh3 32. Rd1 h5 33. Rd3
Qf5 34. Kg2 Re4 35. Qg8# 1-0

[Event "Titled Tue 17th Jun Early"]
[Site "chess.com INT"]
[Date "2025.06.17"]
[Round "2"]
[White "Goryachkina, Aleksandra"]
[Black "Guliev, Gasan"]
[Result "1-0"]
[WhiteTitle "GM"]
[BlackTitle "CM"]
[WhiteElo "2533"]
[BlackElo "2123"]
[WhiteFideId "4147103"]
[BlackFideId "34165638"]
[EventDate "2025.06.17"]

1. e4 c5 2. Nf3 Nc6 3. Bb5 e6 4. Bxc6 bxc6 5. d3 Qc7 6. e5 Ne7 7. Bf4 Ng6 8. Bg3
h5 9. h4 Ba6 10. Nbd2 Be7 11. b3 Qd8 12. Ne4 Rb8 13. Nfg5 Qa5+ 14. Kf1 Bxg5 15.
Nxg5 Rb4 16. Qf3 Rf8 17. Qxh5 c4 18. dxc4 Nxe5 19. Nxf7 Rxf7 20. Bxe5 d5 21. Bc3
dxc4 22. Qxa5 cxb3+ 23. Kg1 bxc2 24. Qxb4 1-0

[Event "Titled Tue 17th Jun Early"]
[Site "chess.com INT"]
[Date "2025.06.17"]
[Round "2"]
[White "Golsefidy, Sepehr"]
[Black "Sindarov, Islombek"]
[Result "0-1"]
[BlackTitle "CM"]
[WhiteElo "2080"]
[BlackElo "2129"]
[WhiteFideId "30973368"]
[BlackFideId "14205475"]
[EventDate "2025.06.17"]

1. d4 Nf6 2. c4 g6 3. Nc3 Bg7 4. e4 d6 5. h3 O-O 6. Be3 e5 7. d5 Ne8 8. Qd2 f5
9. f3 Nf6 10. O-O-O f4 11. Bf2 Nh5 12. Nge2 Bh6 13. Kb1 Kg7 14. c5 a6 15. Rc1
Nd7 16. c6 bxc6 17. dxc6 Ndf6 18. Nd5 Nxd5 19. Qxd5 Nf6 20. Qb3 Re8 21. Nc3 Be6
22. Nd5 Nxd5 23. exd5 Rb8 24. Qc4 Bf5+ 25. Bd3 Rb4 26. Qxb4 Bxd3+ 27. Ka1 Kg8
28. Rhe1 Bg7 29. Rcd1 Bf5 30. Qc4 Qa8 31. a4 Rb8 32. Re4 a5 33. Be1 Rb6 34. Bc3
g5 35. Ka2 h5 36. Rde1 Bg6 37. h4 Bf7 38. hxg5 Rxc6 39. Qd3 Rc5 40. Ka1 Rxd5 41.
Qc2 Qc6 42. g6 Bxg6 43. Qb3 Kh7 44. Rh1 Rc5 45. Qc2 Rc4 46. Rxc4 Qxc4 47. Rxh5+
Bh6 48. Qd2 Qxa4# 0-1

[Event "Titled Tue 17th Jun Early"]
[Site "chess.com INT"]
[Date "2025.06.17"]
[Round "2"]
[White "Mizzi, Jack"]
[Black "Sorokin, Aleksey"]
[Result "0-1"]
[WhiteTitle "CM"]
[BlackTitle "GM"]
[WhiteElo "2107"]
[BlackElo "2530"]
[WhiteFideId "5602521"]
[BlackFideId "24176460"]
[EventDate "2025.06.17"]

1. d4 Nf6 2. c4 g6 3. Nf3 Bg7 4. g3 c6 5. Bg2 d5 6. b3 O-O 7. O-O a5 8. Nc3 Ne4
9. Bb2 Nxc3 10. Bxc3 a4 11. Qd2 Bf5 12. Rfe1 Nd7 13. Nh4 Be6 14. c5 Nf6 15. Qc2
Ne4 16. b4 Nxc3 17. Qxc3 a3 18. Nf3 Bf5 19. Nd2 e5 20. e3 Re8 21. Nb3 h5 22. Na5
Qd7 23. f4 exd4 24. exd4 h4 25. Nb3 h3 26. Bf3 Bg4 27. Nd2 Qf5 28. Bxg4 Qxg4 29.
Nf3 Re4 30. Rxe4 dxe4 31. Ne1 Rd8 32. Kf1 Bxd4 33. Qc1 Bxa1 34. Qxa1 Rd1 35. Qc3
Qf3+ 36. Qxf3 exf3 37. Kf2 Rd2+ 38. Kxf3 Rxa2 39. Nd3 Rxh2 0-1

[Event "Titled Tue 17th Jun Early"]
[Site "chess.com INT"]
[Date "2025.06.17"]
[Round "2"]
[White "Xiong, Jeffery"]
[Black "Negrean, Andrei"]
[Result "1-0"]
[WhiteTitle "GM"]
[BlackTitle "FM"]
[WhiteElo "2639"]
[BlackElo "2352"]
[WhiteFideId "2047640"]
[BlackFideId "1291513"]
[EventDate "2025.06.17"]

1. e4 c5 2. Nf3 a6 3. g3 b5 4. d4 cxd4 5. Nxd4 Bb7 6. Bg2 g6 7. O-O Bg7 8. Re1
d6 9. c3 Nd7 10. a4 bxa4 11. Qxa4 Qc7 12. Na3 Nf6 13. Nc4 O-O 14. Na5 e5 15. Nc2
Nb6 16. Qa3 Bc8 17. Nb4 Be6 18. Bg5 h6 19. Bxf6 Bxf6 20. Nd5 Bxd5 21. exd5 Nc4
22. Nxc4 Qxc4 23. Qxd6 Bg7 24. Qc6 Qb3 25. d6 Rac8 26. Qxa6 Qxb2 27. d7 Rcd8 28.
Qc6 e4 29. Bxe4 Qxc3 30. Rad1 Qa5 31. Bd5 Kh7 32. Re7 Qa7 33. Bxf7 Qa3 34. Qxg6+
Kh8 35. Bb3 Qxb3 1-0

[Event "Titled Tue 17th Jun Early"]
[Site "chess.com INT"]
[Date "2025.06.17"]
[Round "2"]
[White "Disconzi da Silva, Rodrigo"]
[Black "Vlassov, Nikolai"]
[Result "0-1"]
[WhiteTitle "IM"]
[BlackTitle "IM"]
[WhiteElo "2331"]
[BlackElo "2291"]
[WhiteFideId "2100991"]
[BlackFideId "4103360"]
[EventDate "2025.06.17"]

1. d4 Nf6 2. Nf3 g6 3. g3 b5 4. Bg2 Bb7 5. O-O Bg7 6. Na3 b4 7. Nc4 c5 8. dxc5
Na6 9. Be3 Qc7 10. a3 bxa3 11. Rxa3 Nxc5 12. Na5 Rb8 13. Nxb7 Rxb7 14. Qa1 O-O
15. Nd4 d5 16. b4 Nce4 17. b5 Ng4 18. Bxe4 dxe4 19. Qa2 Nxe3 20. fxe3 Qc5 21.
Nc6 Rxb5 22. Nxa7 Rb2 23. Qa1 Rxc2 24. Qb1 Qxa3 25. Qxc2 Qxe3+ 26. Kg2 Qxa7 27.
Qxe4 Qa8 0-1

[Event "Titled Tue 17th Jun Early"]
[Site "chess.com INT"]
[Date "2025.06.17"]
[Round "2"]
[White "Ghosh, Chanchal Kumer"]
[Black "Turcsanyi, Vince Gergo"]
[Result "0-1"]
[WhiteTitle "CM"]
[BlackTitle "FM"]
[WhiteElo "2018"]
[BlackElo "2312"]
[WhiteFideId "10201858"]
[BlackFideId "791784"]
[EventDate "2025.06.17"]

1. e4 d6 2. Nf3 Nf6 3. Nc3 c6 4. d4 Qa5 5. h3 e5 6. dxe5 dxe5 7. Bd3 Be7 8. O-O
O-O 9. Bd2 Qc7 10. Qe2 h6 11. Nh4 Rd8 12. Nf5 Bxf5 13. exf5 Nbd7 14. Rad1 Nc5
15. a4 Nxd3 16. cxd3 Ne8 17. Ne4 Qd7 18. Qh5 Qxd3 19. Rfe1 Qb3 20. Re3 Qxa4 21.
b3 Qa2 22. Bc3 Nf6 23. Qe2 Qxe2 24. Rxe2 Rxd1+ 25. Kh2 Nxe4 26. Rxe4 f6 27. f4
Rd3 28. Ba1 Bd6 29. fxe5 Bxe5+ 30. Bxe5 fxe5 31. Rxe5 Rf8 32. g4 Rxb3 33. Re7
Rf7 34. Re8+ Kh7 35. h4 Rd7 36. Re2 Rbd3 37. g5 Rd2 0-1

[Event "Titled Tue 17th Jun Early"]
[Site "chess.com INT"]
[Date "2025.06.17"]
[Round "2"]
[White "Zhigalko, Sergei"]
[Black "Molenda, Marcin"]
[Result "1-0"]
[WhiteTitle "GM"]
[BlackTitle "IM"]
[WhiteElo "2572"]
[BlackElo "2376"]
[WhiteFideId "13502956"]
[BlackFideId "1173065"]
[EventDate "2025.06.17"]

1. e4 e6 2. d4 d5 3. e5 c5 4. c3 Nc6 5. Nf3 Qb6 6. Bd3 cxd4 7. O-O a6 8. Re1 Bd7
9. a3 Rc8 10. c4 dxc4 11. Bxc4 Nge7 12. Nbd2 Ng6 13. h4 Be7 14. h5 Nf8 15. Bd3
Qc7 16. Nb3 Qb6 17. Bf4 h6 18. Nbd2 Nh7 19. Nc4 Qa7 20. Qd2 O-O 21. Bxh6 gxh6
22. Qxh6 f5 23. exf6 Nxf6 24. Ng5 Qc5 25. b4 Qd5 26. Nb6 Qd6 27. Nxd7 Qxd7 28.
Bh7+ Kh8 29. Bf5+ Kg8 30. Bxe6+ Qxe6 31. Rxe6 Rf7 1-0

[Event "Titled Tue 17th Jun Early"]
[Site "chess.com INT"]
[Date "2025.06.17"]
[Round "2"]
[White "Dubnevych, Maksym"]
[Black "Shevchenko, Yaroslav"]
[Result "1-0"]
[WhiteTitle "FM"]
[WhiteElo "2296"]
[BlackElo "2179"]
[WhiteFideId "14184001"]
[BlackFideId "34144684"]
[EventDate "2025.06.17"]

1. Nf3 d5 2. b3 Nf6 3. Bb2 c5 4. e3 Nc6 5. Bb5 Bd7 6. O-O e6 7. d4 Rc8 8. c4 a6
9. Bxc6 Bxc6 10. Ne5 dxc4 11. bxc4 Be7 12. Qb3 O-O 13. Rd1 cxd4 14. exd4 b5 15.
Nxc6 Rxc6 16. cxb5 axb5 17. Nc3 b4 18. Ne2 Qd5 19. Qd3 Rfc8 20. Nf4 Qd6 21. d5
Rc5 22. Qg3 exd5 23. Bd4 Rc4 24. Nxd5 Rxd4 25. Nxe7+ Kf8 26. Qxd6 Rxd6 27. Rxd6
Kxe7 28. Rd4 Rb8 29. Re1+ Kf8 30. h4 h5 31. f3 g6 32. Rb1 Ra8 33. Rb2 Ne8 34.
Rdxb4 Kg7 35. Rb8 1-0

[Event "Titled Tue 17th Jun Early"]
[Site "chess.com INT"]
[Date "2025.06.17"]
[Round "2"]
[White "Jonnalagadda, Vishnusankar"]
[Black "Aalto, Patrik"]
[Result "0-1"]
[BlackTitle "FM"]
[WhiteElo "2047"]
[BlackElo "2316"]
[WhiteFideId "39900100"]
[BlackFideId "510726"]
[EventDate "2025.06.17"]

1. e4 c5 2. Nf3 e6 3. d4 cxd4 4. Nxd4 Nc6 5. Nc3 Qc7 6. Be3 a6 7. Qf3 h5 8.
O-O-O Ne5 9. Qe2 Ng4 10. Bd2 Bc5 11. Nb3 Nxf2 12. Nxc5 Nxd1 13. Nxe6 dxe6 14.
Nxd1 Nf6 15. Nc3 O-O 16. e5 Ng4 17. Bf4 b5 18. h3 Nf6 19. g4 b4 20. Nd1 Bb7 21.
Rg1 hxg4 22. hxg4 Rac8 23. Qh2 Nd5 24. Bd3 f5 25. gxf5 exf5 26. Bh6 Rf7 27. e6
Qxh2 28. exf7+ Kxf7 29. Rxg7+ Kf6 0-1

[Event "Titled Tue 17th Jun Early"]
[Site "chess.com INT"]
[Date "2025.06.17"]
[Round "2"]
[White "Stefanov, Plamen"]
[Black "Rao, Anjaneya Sripathy"]
[Result "0-1"]
[BlackTitle "CM"]
[WhiteElo "1982"]
[BlackElo "2217"]
[WhiteFideId "2900980"]
[BlackFideId "30954770"]
[EventDate "2025.06.17"]

1. e4 e6 2. d4 d5 3. Nc3 Nf6 4. e5 Nfd7 5. f4 c5 6. Be3 Nc6 7. Nf3 a6 8. Qd2 b5
9. dxc5 Bxc5 10. O-O-O Qa5 11. Kb1 Bb4 12. Bd4 Nxd4 13. Nxd4 Bb7 14. f5 Nc5 15.
fxe6 fxe6 16. Qe3 Bxc3 17. Qxc3 Qxc3 18. bxc3 Ne4 19. Re1 Ke7 20. Re3 Rac8 21.
Kb2 Nf2 22. Rf3 Nxh1 23. Bd3 Rhf8 24. Bxh7 Rxf3 25. gxf3 Rh8 26. Bd3 Rxh2 27.
Nb3 Nf2 28. Nc5 Nxd3+ 29. Nxd3 g5 30. f4 g4 0-1

[Event "Titled Tue 17th Jun Early"]
[Site "chess.com INT"]
[Date "2025.06.17"]
[Round "2"]
[White "Elier, Ali"]
[Black "Bardyk, Artem"]
[Result "1/2-1/2"]
[WhiteTitle "CM"]
[BlackTitle "FM"]
[WhiteElo "2142"]
[BlackElo "2260"]
[WhiteFideId "16217543"]
[BlackFideId "34349979"]
[EventDate "2025.06.17"]

1. e4 c5 2. d4 cxd4 3. c3 d3 4. Bxd3 Nc6 5. f4 d5 6. exd5 Qxd5 7. Nf3 Bf5 8.
Bxf5 Qxf5 9. O-O e6 10. Be3 Bc5 11. Qe2 Nf6 12. Nbd2 O-O 13. Bxc5 Qxc5+ 14. Qf2
Qxf2+ 15. Rxf2 Rfd8 16. h3 Nd5 17. Ne5 f6 18. Nxc6 bxc6 19. Nc4 Kf7 20. Re1 Rab8
21. g3 c5 22. Rd2 Nb6 23. Nd6+ Ke7 24. Nf5+ Kf8 25. Rxd8+ Rxd8 26. Rxe6 Rd2 27.
Nd6 g6 28. Re8+ Kg7 29. Re7+ Kf8 30. Re8+ Kg7 31. Re7+ Kh6 32. Nf7+ Kg7 33. Nd6+ 1/2-1/2

[Event "Titled Tue 17th Jun Early"]
[Site "chess.com INT"]
[Date "2025.06.17"]
[Round "2"]
[White "Stojanovski, Sandi"]
[Black "Madi, Aidana"]
[Result "1-0"]
[WhiteTitle "FM"]
[BlackTitle "WFM"]
[WhiteElo "2169"]
[BlackElo "1899"]
[WhiteFideId "1403249"]
[BlackFideId "13722689"]
[EventDate "2025.06.17"]

1. d4 d5 2. c4 e6 3. Nc3 c5 4. e3 Nc6 5. Nf3 Nf6 6. a3 dxc4 7. Bxc4 a6 8. O-O b5
9. Ba2 Bb7 10. Qe2 c4 11. Rd1 Bd6 12. e4 Bc7 13. d5 Ne5 14. dxe6 Qe7 15. Nd5
Nxd5 16. exd5 Nxf3+ 17. Qxf3 O-O 18. Qg4 Rad8 19. Bg5 f6 20. Bf4 Rxd5 21. Rxd5
Bxd5 22. Bxc7 Qxc7 23. Re1 Re8 24. Bb1 g6 25. Bxg6 hxg6 26. Qxg6+ Kf8 27. Qxf6+
Kg8 28. Re5 Qh7 29. Rg5+ 1-0

[Event "Titled Tue 17th Jun Early"]
[Site "chess.com INT"]
[Date "2025.06.17"]
[Round "2"]
[White "Nikulina, Alena"]
[Black "Hnatyshyn, Anastasiia"]
[Result "0-1"]
[WhiteTitle "WFM"]
[BlackTitle "WFM"]
[WhiteElo "1875"]
[BlackElo "2233"]
[WhiteFideId "4172051"]
[BlackFideId "14198339"]
[EventDate "2025.06.17"]

1. e4 e6 2. d4 d5 3. exd5 exd5 4. c4 c6 5. Nc3 Nf6 6. Nf3 Be7 7. Bd3 O-O 8. O-O
dxc4 9. Bxc4 Bg4 10. Be3 Nbd7 11. h3 Bh5 12. g4 Bg6 13. Ne5 Nxe5 14. dxe5 Ne4
15. f4 Nxc3 16. bxc3 Be4 17. Qxd8 Rfxd8 18. Rad1 b5 19. Bb3 c5 20. Rxd8+ Rxd8
21. Rd1 Bd3 22. a3 a5 23. a4 c4 24. Ba2 bxa4 25. Bb6 Ra8 26. Kf2 a3 27. Ke3 a4
28. f5 Rb8 29. Ba5 h5 30. Bc7 Rb2 31. Rd2 Bg5+ 0-1